Vierschanzentournee: Top 10 seit 2000 - Statistiken

Allgemein
  • Dieses Quiz wurde 362 mal gespielt
    125 seit der letzten Aktualisierung
  • Das Durchschnittsergebnis liegt bei 130 aus 260
Antwortstatistiken
Saison Platzierung Nation Punktzahl Name % Korrekt
2014/15 1. AUT 1106,7 Stefan Kraft
90%
2015/16 5. AUT 1036,2 Stefan Kraft
90%
2016/17 6. AUT 926,5 Stefan Kraft
90%
2019/20 5. AUT 1086,0 Stefan Kraft
90%
2020/21 8. AUT 1019,1 Stefan Kraft
90%
2022/23 6. AUT 1077,5 Stefan Kraft
90%
2023/24 3. AUT 1112,7 Stefan Kraft
90%
2024/25 3. AUT 1190,3 Stefan Kraft
90%
2017/18 4. JAP 1021,1 Junshirō Kobayashi
87%
2018/19 1. JAP 1098,0 Ryōyū Kobayashi
87%
2019/20 4. JAP 1096,0 Ryōyū Kobayashi
87%
2020/21 6. JAP 1032,5 Ryōyū Kobayashi
87%
2021/22 1. JAP 1162,3 Ryōyū Kobayashi
87%
2023/24 1. JAP 1145,2 Ryōyū Kobayashi
87%
1999/00 4. GER 944,0 Sven Hannawald
86%
2000/01 4. GER 884,4 Sven Hannawald
86%
2001/02 1. GER 1077,6 Sven Hannawald
86%
2002/03 2. GER 976,3 Sven Hannawald
86%
2016/17 9. SLO 908,8 Domen Prevc
83%
2019/20 7. SLO 1050,9 Domen Prevc
83%
2012/13 8. SLO 989,9 Peter Prevc
83%
2013/14 4. SLO 971,3 Peter Prevc
83%
2014/15 3. SLO 1077,2 Peter Prevc
83%
2015/16 1. SLO 1139,4 Peter Prevc
83%
2019/20 8. SLO 1048,8 Peter Prevc
83%
2020/21 9. SLO 1018,0 Peter Prevc
83%
2012/13 9. GER 988,7 Andreas Wellinger
81%
2013/14 10. GER 895,7 Andreas Wellinger
81%
2017/18 2. GER 1039,2 Andreas Wellinger
81%
2023/24 2. GER 1120,7 Andreas Wellinger
81%
2006/07 2. AUT 944,6 Gregor Schlierenzauer
81%
2008/09 3. AUT 1077,1 Gregor Schlierenzauer
81%
2009/10 4. AUT 1011,1 Gregor Schlierenzauer
81%
2011/12 1. AUT 933,8 Gregor Schlierenzauer
81%
2012/13 1. AUT 1100,2 Gregor Schlierenzauer
81%
2013/14 8. AUT 932,0 Gregor Schlierenzauer
81%
2014/15 7. AUT 1050,2 Gregor Schlierenzauer
81%
2011/12 8. POL 843,0 Kamil Stoch
81%
2012/13 4. POL 1027,2 Kamil Stoch
81%
2013/14 7. POL 938,2 Kamil Stoch
81%
2014/15 10. POL 1009,4 Kamil Stoch
81%
2016/17 1. POL 997,8 Kamil Stoch
81%
2017/18 1. POL 1108,8 Kamil Stoch
81%
2018/19 6. POL 994,0 Kamil Stoch
81%
2020/21 1. POL 1110,6 Kamil Stoch
81%
2022/23 5. POL 1087,9 Kamil Stoch
81%
2011/12 7. GER 843,4 Severin Freund
81%
2014/15 8. GER 1022,5 Severin Freund
81%
2015/16 2. GER 1112,9 Severin Freund
81%
2002/03 10. AUT 912,8 Thomas Morgenstern
77%
2003/04 4. AUT 1012,9 Thomas Morgenstern
77%
2004/05 3. AUT 985,5 Thomas Morgenstern
77%
2006/07 4. AUT 916,2 Thomas Morgenstern
77%
2007/08 2. AUT 1066,0 Thomas Morgenstern
77%
2008/09 8. AUT 1001,0 Thomas Morgenstern
77%
2009/10 6. AUT 987,1 Thomas Morgenstern
77%
2010/11 1. AUT 958,8 Thomas Morgenstern
77%
2011/12 2. AUT 908,0 Thomas Morgenstern
77%
2013/14 2. AUT 994,3 Thomas Morgenstern
77%
2017/18 6. POL 1003,0 Dawid Kubacki
75%
2018/19 4. POL 1010,8 Dawid Kubacki
75%
2019/20 1. POL 1131,6 Dawid Kubacki
75%
2020/21 3. POL 1057,8 Dawid Kubacki
75%
2022/23 2. POL 1158,2 Dawid Kubacki
75%
1999/00 3. GER 960,5 Martin Schmitt
75%
2000/01 3. GER 920,1 Martin Schmitt
75%
2001/02 7. GER 957,5 Martin Schmitt
75%
2007/08 8. GER 955,9 Martin Schmitt
75%
2008/09 4. GER 1055,2 Martin Schmitt
75%
2012/13 10. GER 980,8 Martin Schmitt
75%
2001/02 6. SUI 961,4 Simon Ammann
75%
2006/07 3. SUI 931,9 Simon Ammann
75%
2008/09 2. SUI 1091,1 Simon Ammann
75%
2009/10 5. SUI 1008,3 Simon Ammann
75%
2010/11 2. SUI 928,4 Simon Ammann
75%
2013/14 3. SUI 992,4 Simon Ammann
75%
2019/20 3. GER 1108,4 Karl Geiger
74%
2020/21 2. GER 1062,5 Karl Geiger
74%
2021/22 4. GER 1123,6 Karl Geiger
74%
2016/17 7. GER 924,4 Markus Eisenbichler
73%
2017/18 7. GER 993,8 Markus Eisenbichler
73%
2018/19 2. GER 1035,9 Markus Eisenbichler
73%
2021/22 5. GER 1117,6 Markus Eisenbichler
73%
1999/00 2. FIN 963,5 Janne Ahonen
72%
2000/01 2. FIN 941,5 Janne Ahonen
72%
2002/03 1. FIN 999,9 Janne Ahonen
72%
2003/04 5. FIN 1012,6 Janne Ahonen
72%
2004/05 1. FIN 1043,3 Janne Ahonen
72%
2005/06 1. FIN 1081,5 Janne Ahonen
72%
2006/07 8. FIN 890,7 Janne Ahonen
72%
2007/08 1. FIN 1085,8 Janne Ahonen
72%
2009/10 2. FIN 1013,9 Janne Ahonen
72%
2003/04 8. JAP 996,5 Noriaki Kasai
69%
2005/06 9. JAP 981,5 Noriaki Kasai
69%
2013/14 5. JAP 962,1 Noriaki Kasai
69%
2014/15 4. JAP 1074,8 Noriaki Kasai
69%
2015/16 7. JAP 1013,2 Noriaki Kasai
69%
2024/25 6. GER 1134,0 Pius Paschke
68%
2022/23 8. AUT 1061,1 Daniel Tschofenig
67%
2024/25 1. AUT 1194,4 Daniel Tschofenig
67%
2000/01 1. POL 1045,9 Adam Małysz
65%
2001/02 4. POL 992,8 Adam Małysz
65%
2002/03 3. POL 959,7 Adam Małysz
65%
2004/05 4. POL 985,3 Adam Małysz
65%
2006/07 7. POL 906,5 Adam Małysz
65%
2007/08 4. POL 979,9 Adam Małysz
65%
2009/10 9. POL 932,9 Adam Małysz
65%
2010/11 6. POL 875,2 Adam Małysz
65%
2011/12 10. GER 820,4 Richard Freitag
65%
2014/15 6. GER 1056,8 Richard Freitag
65%
2015/16 9. GER 1001,4 Richard Freitag
65%
2024/25 5. SUI 1151,9 Gregor Deschwanden
62%
2021/22 8. AUT 1075,7 Jan Hörl
60%
2022/23 9. AUT 1056,3 Jan Hörl
60%
2023/24 4. AUT 1093,5 Jan Hörl
60%
2024/25 2. AUT 1193,0 Jan Hörl
60%
2013/14 9. AUT 906,8 Michael Hayböck
59%
2014/15 2. AUT 1100,7 Michael Hayböck
59%
2015/16 3. AUT 1081,6 Michael Hayböck
59%
2022/23 7. AUT 1068,6 Michael Hayböck
59%
2023/24 6. AUT 1066,9 Michael Hayböck
59%
2024/25 7. AUT 1128,6 Michael Hayböck
59%
2020/21 4. NOR 1057,4 Halvor Egner Granerud
55%
2021/22 3. NOR 1128,2 Halvor Egner Granerud
55%
2022/23 1. NOR 1191,2 Halvor Egner Granerud
55%
2015/16 6. NOR 1035,5 Johann André Forfang
52%
2017/18 9. NOR 977,4 Johann-André Forfang
52%
2019/20 6. NOR 1051,0 Johann-André Forfang
52%
2024/25 4. NOR 1154,2 Johann-André Forfang
52%
2016/17 2. POL 962,5 Piotr Żyła
51%
2020/21 5. POL 1037,2 Piotr Żyła
51%
2022/23 4. POL 1090,0 Piotr Żyła
51%
2016/17 8. GER 911,1 Stephan Leyhe
50%
2018/19 3. GER 1014,1 Stephan Leyhe
50%
2019/20 10. GER 1037,5 Stephan Leyhe
50%
2002/03 4. AUT 957,6 Andreas Kofler
47%
2005/06 8. AUT 992,8 Andreas Kofler
47%
2009/10 1. AUT 1027,2 Andreas Kofler
47%
2010/11 8. AUT 840,5 Andreas Kofler
47%
2011/12 3. AUT 896,9 Andreas Kofler
47%
2022/23 3. SLO 1129,0 Anže Lanišek
46%
2023/24 5. SLO 1089,1 Anže Lanišek
46%
2024/25 10. SLO 1099,0 Anže Lanišek
46%
2013/14 1. AUT 1012,6 Thomas Diethart
45%
2000/01 9. AUT 791,5 Wolfgang Loitzl
45%
2008/09 1. AUT 1123,7 Wolfgang Loitzl
45%
2009/10 3. AUT 1011,6 Wolfgang Loitzl
45%
2010/11 9. AUT 834,5 Wolfgang Loitzl
45%
2016/17 3. NOR 941,8 Daniel-André Tande
44%
2017/18 8. NOR 992,3 Daniel-André Tande
44%
2017/18 5. NOR 1009,4 Robert Johansson
44%
2018/19 8. NOR 983,2 Robert Johansson
44%
2021/22 6. NOR 1107,9 Robert Johansson
44%
1999/00 5. AUT 930,9 Andreas Goldberger
43%
2001/02 9. AUT 918,5 Andreas Goldberger
43%
2002/03 9. AUT 923,0 Andreas Goldberger
43%
2019/20 2. NOR 1111,0 Marius Lindvik
43%
2021/22 2. NOR 1138,1 Marius Lindvik
43%
2023/24 9. NOR 1029,4 Marius Lindvik
43%
2004/05 5. CZE 972,8 Jakub Janda
41%
2005/06 1. CZE 1081,5 Jakub Janda
41%
2004/05 7. JAP 962,7 Daiki Itō
40%
2011/12 6. JAP 852,1 Daiki Itō
40%
2019/20 9. JAP 1039,0 Daiki Itō
40%
2023/24 10. SLO 1026,0 Timi Zajc
40%
2010/11 4. AUT 882,4 Manuel Fettner
39%
2016/17 5. AUT 926,8 Manuel Fettner
39%
2022/23 10. AUT 1050,9 Manuel Fettner
39%
2011/12 5. CZE 881,2 Roman Koudelka
37%
2014/15 9. CZE 1013,4 Roman Koudelka
37%
2018/19 5. CZE 1006,3 Roman Koudelka
37%
1999/00 1. AUT 987,8 Andreas Widhölzl
36%
2001/02 5. AUT 980,4 Andreas Widhölzl
36%
2007/08 3. GER 994,9 Michael Neumayer
36%
2008/09 10. GER 986,3 Michael Neumayer
36%
2012/13 6. GER 996,7 Michael Neumayer
36%
2021/22 10. JAP 1064,7 Yukiya Sato
35%
2000/01 6. FIN 856,1 Matti Hautamäki
31%
2001/02 2. FIN 1021,0 Matti Hautamäki
31%
2004/05 10. FIN 922,2 Matti Hautamäki
31%
2005/06 5. FIN 1018,0 Matti Hautamäki
31%
2008/09 9. FIN 991,4 Matti Hautamäki
31%
2010/11 7. FIN 861,8 Matti Hautamäki
31%
2016/17 4. POL 934,3 Maciej Kot
30%
2006/07 1. NOR 961,9 Anders Jacobsen
29%
2007/08 9. NOR 943,2 Anders Jacobsen
29%
2008/09 6. NOR 1027,9 Anders Jacobsen
29%
2009/10 10. NOR 927,5 Anders Jacobsen
29%
2010/11 10. NOR 830,7 Anders Jacobsen
29%
2012/13 2. NOR 1087,2 Anders Jacobsen
29%
2014/15 5. NOR 1060,1 Anders Jacobsen
29%
2018/19 10. SUI 959,3 Killian Peier
29%
2024/25 8. POL 1109,3 Paweł Wąsek
28%
2024/25 9. AUT 1107,3 Maximilian Ortner
27%
2003/04 7. GER 998,7 Michael Uhrmann
26%
2004/05 8. GER 939,0 Michael Uhrmann
26%
2006/07 9. GER 852,0 Michael Uhrmann
26%
2007/08 7. NOR 958,6 Anders Bardal
24%
2011/12 4. NOR 895,0 Anders Bardal
24%
2012/13 5. NOR 1026,8 Anders Bardal
24%
2013/14 6. NOR 950,6 Anders Bardal
24%
2015/16 8. NOR 1010,1 Anders Fannemel
24%
2017/18 3. NOR 1021,3 Anders Fannemel
24%
2015/16 10. GER 974,4 Andreas Wank
24%
2018/19 9. AUT 970,4 Daniel Huber
23%
2020/21 10. AUT 1014,7 Daniel Huber
23%
2021/22 9. AUT 1069,9 Daniel Huber
23%
2009/10 8. AUT 935,0 Martin Koch
20%
2010/11 5. AUT 880,6 Martin Koch
20%
2002/03 5. SLO 954,7 Primož Peterka
20%
2010/11 3. NOR 895,0 Tom Hilde
20%
2012/13 3. NOR 1029,2 Tom Hilde
20%
2021/22 7. SLO 1093,0 Lovro Kos
18%
2023/24 7. SLO 1043,8 Lovro Kos
18%
2003/04 1. NOR 1066,6 Sigurd Pettersen
18%
2000/01 5. AUT 884,3 Stefan Horngacher
16%
2011/12 9. JAP 842,6 Taku Takeuchi
15%
2005/06 7. NOR 997,9 Bjørn Einar Romøren
14%
2023/24 8. AUT 1042,4 Clemens Aigner
14%
2003/04 6. GER 1009,8 Georg Späth
13%
2004/05 9. GER 928,5 Georg Späth
13%
2005/06 10. GER 976,7 Georg Späth
13%
1999/00 6. JAP 902,9 Masahiko Harada
13%
2008/09 7. FIN 1019,2 Harri Olli
12%
2005/06 4. SUI 1022,9 Andreas Küttel
10%
2006/07 5. SUI 910,4 Andreas Küttel
10%
2007/08 6. SUI 959,3 Andreas Küttel
10%
2007/08 10. FIN 936,6 Janne Happonen
10%
2000/01 8. AUT 805,0 Martin Höllwarth
10%
2001/02 3. AUT 1015,8 Martin Höllwarth
10%
2002/03 7. AUT 945,6 Martin Höllwarth
10%
2003/04 2. AUT 1031,5 Martin Höllwarth
10%
2004/05 2. AUT 994,2 Martin Höllwarth
10%
2002/03 6. NOR 949,3 Roar Ljøkelsøy
10%
2003/04 9. NOR 956,5 Roar Ljøkelsøy
10%
2004/05 6. NOR 969,7 Roar Ljøkelsøy
10%
2005/06 3. NOR 1057,1 Roar Ljøkelsøy
10%
2015/16 4. NOR 1073,5 Kenneth Gangnes
9%
2006/07 10. RUS 848,8 Dmitri Wassiljew
8%
2007/08 5. RUS 977,5 Dmitri Wassiljew
8%
2008/09 5. RUS 1048,1 Dmitri Wassiljew
8%
2012/13 7. RUS 994,8 Dmitri Wassiljew
8%
2017/18 10. SLO 974,1 Jernej Damjan
8%
2016/17 10. NOR 900,3 Andreas Stjernen
6%
2018/19 7. NOR 988,0 Andreas Stjernen
6%
2003/04 10. NOR 952,6 Lars Bystøl
6%
2001/02 10. GER 914,5 Stephan Hocke
6%
2005/06 6. JAP 1017,8 Takanobu Okabe
6%
2020/21 6. POL 1032,5 Andrzej Stękała
4%
1999/00 7. JAP 896,6 Hideharu Miyahira
4%
2009/10 7. GER 936,2 Pascal Bodmer
4%
2000/01 7. FIN 826,1 Risto Jussilainen
3%
2001/02 8. FIN 923,6 Risto Jussilainen
3%
2002/03 8. AUT 934,2 Florian Liegl
2%
2003/04 3. SLO 1023,6 Peter Žonta
2%
2000/01 10. NOR 782,8 Tommy Ingebrigtsen
2%
1999/00 10. FIN 870,8 Jani Soininen
1%
1999/00 8. NOR 883,8 Lasse Ottesen
1%
2006/07 6. FIN 908,3 Arttu Lappi
0%
1999/00 9. FIN 882,4 Ville Kantee
0%
Keine übereinstimmenden Quizze gefunden
Verteilung der Resultate
Anzahl Personen mit jedem Resultat
Perzentil nach korrekt beantworteten Fragen
Ihre Resultats-Entwicklung
Sie haben dieses Quiz seit der letzten Aktualisierung nicht gespielt